ბათუმის შოთა რუსთაველის სახელმწიფო უნივერსიტეტის ბიბლიოთეკა

Einführung in die georgische Literatur des Kritischen Realismus / (ბიბ.ჩანაწერი № 60011)

000 -LEADER
fixed length control field 01511nam a22002537a 4500
005 - DATE AND TIME OF LATEST TRANSACTION
control field 20230530121904.0
008 - FIXED-LENGTH DATA ELEMENTS--GENERAL INFORMATION
fixed length control field 230530s2018ge xxu||||| |||| 00| 0 ger d
020 ## - INTERNATIONAL STANDARD BOOK NUMBER
International Standard Book Number 9788301203115
041 ## - LANGUAGE CODE
Language code of text/sound track or separate title ger
080 ## - UNIVERSAL DECIMAL CLASSIFICATION NUMBER
Universal Decimal Classification number 821.351.02[კრიტიკული რეალიზმი] G-11
100 ## - MAIN ENTRY--PERSONAL NAME
Personal name Gagnidse, Nugescha, ავტორი.
9 (RLIN) 18304
245 ## - TITLE STATEMENT
Title Einführung in die georgische Literatur des Kritischen Realismus /
Statement of responsibility, etc. Nugescha Gagnidse, Natia Nassaridse, Irine Schischinaschwili ; Redakteurin Nugescha Gagnidse ; cover painting by Apolon Kutateladze.
264 ## - PRODUCTION, PUBLICATION, DISTRIBUTION, MANUFACTURE, AND COPYRIGHT NOTICE
Place of production, publication, distribution, manufacture [Warszawa] :
Name of producer, publisher, distributor, manufacturer PWN,
Date of production, publication, distribution, manufacture, or copyright notice 2018.
300 ## - PHYSICAL DESCRIPTION
Extent 102 p. ;
Other physical details 23,5 cm
653 ## - INDEX TERM--UNCONTROLLED
keyword ისტორია და კრიტიკა -- ქართული ლიტერატურა -- XIX ს
653 ## - INDEX TERM--UNCONTROLLED
keyword ისტორია და კრიტიკა -- ქართული ლიტერატურა -- მიმდინარეობები
653 ## - INDEX TERM--UNCONTROLLED
keyword კრიტიკული რეალიზმი.
653 ## - INDEX TERM--UNCONTROLLED
keyword ქართველი ავტორები გერმანულ ენაზე. ქართული ლიტერატურა თარგმანებში.
700 ## - ADDED ENTRY--PERSONAL NAME
Personal name Nassaridse, Natia
Relator term ავტორი
9 (RLIN) 18305
700 ## - ADDED ENTRY--PERSONAL NAME
Personal name Schischinaschwili, Irine
Relator term ავტორი
9 (RLIN) 18306
700 ## - ADDED ENTRY--PERSONAL NAME
Personal name Gagnidse, Nugescha,
Relator term რედაქტორი.
9 (RLIN) 18307
700 ## - ADDED ENTRY--PERSONAL NAME
Personal name Kutateladze, Apolon
Relator term ილუსტრატორი
9 (RLIN) 18308
942 ## - ADDED ENTRY ELEMENTS (KOHA)
Source of classification or shelving scheme
Koha item type წიგნი
ეგზემპლარები
Withdrawn status Lost status Source of classification or shelving scheme Damaged status Not for loan Permanent Location Current Location Shelving location Date acquired Cost, normal purchase price Full call number Barcode Date last seen Copy number Price effective from Koha item type Public note
          ბათუმის შოთა რუსთაველის სახელმწიფო უნივერსიტეტის მთავარი ბიბლიოთეკა ბათუმის შოთა რუსთაველის სახელმწიფო უნივერსიტეტის მთავარი ბიბლიოთეკა წიგნსაცავი 2023-05-30 22.00 821.351.02[კრიტიკული რეალიზმი] G-11 29501 2023-05-30 29501 2023-05-30 წიგნი 22ლ.09თ.
          ბათუმის შოთა რუსთაველის სახელმწიფო უნივერსიტეტის მთავარი ბიბლიოთეკა ბათუმის შოთა რუსთაველის სახელმწიფო უნივერსიტეტის მთავარი ბიბლიოთეკა წიგნსაცავი 2023-05-30 22.00 821.351.02[კრიტიკული რეალიზმი] G-11 29502 2023-05-30 29502 2023-05-30 წიგნი 22ლ.09თ.
          ბათუმის შოთა რუსთაველის სახელმწიფო უნივერსიტეტის მთავარი ბიბლიოთეკა ბათუმის შოთა რუსთაველის სახელმწიფო უნივერსიტეტის მთავარი ბიბლიოთეკა წიგნსაცავი 2023-05-30 22.00 821.351.02[კრიტიკული რეალიზმი] G-11 29503 2023-05-30 29503 2023-05-30 წიგნი 22ლ.09თ.